Managing soil fertility in the tropics: a resource guide for participatory learning and action research. (Record no. 82571)
[ view plain ]
| 000 -LEADER | |
|---|---|
| fixed length control field | 01779nam a2200313 a 4500 |
| 008 - FIXED-LENGTH DATA ELEMENTS--GENERAL INFORMATION | |
| fixed length control field | 120416s2000 ||||||||||||||||| || u |
| 020 ## - INTERNATIONAL STANDARD BOOK NUMBER | |
| International Standard Book Number | 9068321285 |
| 050 ## - LIBRARY OF CONGRESS CALL NUMBER | |
| Classification number | S 633 Man |
| 100 ## - MAIN ENTRY--PERSONAL NAME | |
| Personal name | Defoer, Toon |
| 245 10 - TITLE STATEMENT | |
| Title | Managing soil fertility in the tropics: a resource guide for participatory learning and action research. |
| Statement of responsibility, etc. | edited by Toon Defoer and Arnoud Budelman. |
| 260 ## - PUBLICATION, DISTRIBUTION, ETC. | |
| Place of publication, distribution, etc. | Amsterdam |
| Name of publisher, distributor, etc. | Royal Tropical Institute |
| Date of publication, distribution, etc. | 2000 |
| 300 ## - PHYSICAL DESCRIPTION | |
| Extent | vols. : ill., maps ; + 1 CD-ROM (4 3/4 in.) |
| 350 ## - | |
| -- | 0.00 |
| 500 ## - GENERAL NOTE | |
| General note | Accompanied by a CD-ROM |
| 650 ## - SUBJECT ADDED ENTRY--TOPICAL TERM | |
| Topical term or geographic name entry element | SUSTAINABLE AGRICULTURE--TROPICS |
| 650 ## - SUBJECT ADDED ENTRY--TOPICAL TERM | |
| Topical term or geographic name entry element | Soil fertility - Tropics |
| 650 ## - SUBJECT ADDED ENTRY--TOPICAL TERM | |
| Topical term or geographic name entry element | SOIL FERTILITY--RESEARCH |
| 650 ## - SUBJECT ADDED ENTRY--TOPICAL TERM | |
| Topical term or geographic name entry element | SOILS |
| 650 ## - SUBJECT ADDED ENTRY--TOPICAL TERM | |
| Topical term or geographic name entry element | Fertilizers - Tropics |
| 650 ## - SUBJECT ADDED ENTRY--TOPICAL TERM | |
| Topical term or geographic name entry element | Soil management - Tropics |
| 700 ## - ADDED ENTRY--PERSONAL NAME | |
| Personal name | Budelman, Arnoud |
| 995 ## - | |
| -- | REFERENCE BOOKS |
| -- | 0.00 |
| -- | 740228 |
| -- | CBU-MAIN LIBRARY (Kitwe) |
| -- | 2 |
| -- | 50.00 |
| -- | S 633 MAN |
| -- | 1 |
| -- | REFERENCE |
| -- | 740228 |
| -- | Reference Collection |
| 995 ## - | |
| -- | REFERENCE BOOKS |
| -- | 0.00 |
| -- | 734568 |
| -- | CBU-MAIN LIBRARY (Kitwe) |
| -- | 5 |
| -- | 50.00 |
| -- | S 633 MAN |
| -- | 4 |
| -- | REFERENCE |
| -- | 48105 |
| -- | Reference Collection |
| 995 ## - | |
| -- | REFERENCE BOOKS |
| -- | 0.00 |
| -- | 734372 |
| -- | CBU-MAIN LIBRARY (Kitwe) |
| -- | 1 |
| -- | 0.00 |
| -- | S 633 MAN |
| -- | 7 |
| -- | REFERENCE |
| -- | Dec 10, 2010 |
| -- | 46539 |
| -- | Reference Collection |
| 995 ## - | |
| -- | REFERENCE BOOKS |
| -- | 0.00 |
| -- | 734570 |
| -- | CBU-MAIN LIBRARY (Kitwe) |
| -- | 4 |
| -- | 50.00 |
| -- | S 633 MAN |
| -- | 3 |
| -- | REFERENCE |
| -- | 48103 |
| -- | Reference Collection |
| 995 ## - | |
| -- | REFERENCE BOOKS |
| -- | 0.00 |
| -- | 734569 |
| -- | CBU-MAIN LIBRARY (Kitwe) |
| -- | 6 |
| -- | 50.00 |
| -- | S 633 MAN |
| -- | 5 |
| -- | REFERENCE |
| -- | 48107 |
| -- | Reference Collection |
| 995 ## - | |
| -- | REFERENCE BOOKS |
| -- | 0.00 |
| -- | 47023 |
| -- | CBU-MAIN LIBRARY (Kitwe) |
| -- | 3 |
| -- | 50.00 |
| -- | S 633 MAN |
| -- | 2 |
| -- | REFERENCE |
| -- | 47023 |
| -- | Reference Collection |
| 995 ## - | |
| -- | REFERENCE BOOKS |
| -- | 0.00 |
| -- | 73471 |
| -- | CBU-MAIN LIBRARY (Kitwe) |
| -- | 1 |
| -- | 0.00 |
| -- | S 633 MAN |
| -- | 6 |
| -- | REFERENCE |
| -- | Dec 10, 2010 |
| -- | 46541 |
| -- | Reference Collection |
| 999 ## - | |
| -- | 82571 |
| -- | 82571 |
| Withdrawn status | Lost status | Source of classification or shelving scheme | Damaged status | Not for loan | Permanent Location | Current Location | Shelving location | Date acquired | Total Checkouts | Full call number | Barcode | Date last seen | Copy number | Price effective from | Koha item type |
|---|---|---|---|---|---|---|---|---|---|---|---|---|---|---|---|
| CBU-MAIN LIBRARY, KITWE. | CBU-MAIN LIBRARY, KITWE. | 09/29/2023 | S 633 Man | 740228 | 09/29/2023 | 1 | 09/29/2023 | REFERENCE COLLECTION | |||||||
| CBU-MAIN LIBRARY, KITWE. | CBU-MAIN LIBRARY, KITWE. | 09/29/2023 | S 633 Man | 48105 | 09/29/2023 | 2 | 09/29/2023 | REFERENCE COLLECTION | |||||||
| CBU-MAIN LIBRARY, KITWE. | CBU-MAIN LIBRARY, KITWE. | 09/29/2023 | S 633 Man | 46539 | 09/29/2023 | 3 | 09/29/2023 | REFERENCE COLLECTION | |||||||
| CBU-MAIN LIBRARY, KITWE. | CBU-MAIN LIBRARY, KITWE. | 09/29/2023 | S 633 Man | 48103 | 09/29/2023 | 4 | 09/29/2023 | REFERENCE COLLECTION | |||||||
| CBU-MAIN LIBRARY, KITWE. | CBU-MAIN LIBRARY, KITWE. | 09/29/2023 | S 633 Man | 48107 | 09/29/2023 | 5 | 09/29/2023 | REFERENCE COLLECTION | |||||||
| CBU-MAIN LIBRARY, KITWE. | CBU-MAIN LIBRARY, KITWE. | 09/29/2023 | S 633 Man | 47023 | 09/29/2023 | 6 | 09/29/2023 | REFERENCE COLLECTION | |||||||
| CBU-MAIN LIBRARY, KITWE. | CBU-MAIN LIBRARY, KITWE. | 09/29/2023 | S 633 Man | 46541 | 09/29/2023 | 7 | 09/29/2023 | REFERENCE COLLECTION |